Statistiques concernant Citation Harry Potter (QCM) #3

Cliquez ici pour prendre le quiz!

Statistiques générales

  • Ce quiz a été pris 306 fois
  • Le résultat moyen est 6 sur 8

Statistiques - réponses

QuestionRéponse% Correct
"Mon nom te fait rire ? Inutile de te demander le tien. Un rouquin, et une robe de seconde main ? Tu es forcément un _____."Weasley
99%
"Il faut du courage pour affronter ses ennemis mais il en faut encore plus pour affronter _____."ses amis
95%
"Bien sûr que ça se passe dans ta tête, Harry. Mais pourquoi faudrait-il en conclure que ce n’est pas _____ ?"réel
94%
"Suivez les araignées… Pourquoi ça ne pouvait pas être « _____ » ?"suivez les papillons
90%
"Aucun d’eux ne peut vivre tant que l’autre _____."survit
78%
"Tu es un parfait crétin Ronald Weasley ! Tu débarques ici après des semaines ? Et tu dis _____ ?"salut
73%
"Je me fiche éperdument de ce que pense ton père, Malefoy. Il est vil et cruel. Et toi, tu es _____."pathétique
64%
"Pour un esprit équilibré, la mort n’est _____ de plus."qu'une grande aventure
23%

Distribution des résultats

Percentile par nombre de réponses

% des personnes avec chaque résultat

Votre développement - résultats

Vous n’avez pas pris ce quiz